Capital Cities of Europe by Letter: S - Statistics

General Stats
  • This quiz has been taken 33 times
  • The average score is 6 of 7
Answer Stats
Hint Answer % Correct
Switzerand Bern
96%
Spain Madrid
96%
San Marino San Marino City
96%
Sweden Stockholm
93%
Serbia Belgrade
79%
Slovakia Bratislava
75%
Slovenia Ljubljana
64%
No matching quizzes found
Score Distribution
Percent of People with Each Score
Percentile by Number Answered
Your Score History
You have not taken this quiz